Statistics for Tropic of Cancer Countries

Click here to take the quiz!

General Stats

  • This quiz has been taken 14,610 times
    (14,585 since last reset)
  • The average score is 13 of 17

Answer Stats

Country % Correct
Mexico
94%
India
93%
Egypt
91%
Morocco / Western Sahara
87%
Saudi Arabia
87%
Algeria
86%
Libya
86%
China
86%
Myanmar
68%
Oman
66%
Mali
66%
Bangladesh
66%
United Arab Emirates
63%
Mauritania
62%
Niger
58%
Taiwan
53%
Bahamas
47%

Score Distribution

Percentile by Number Answered

Percent of People with Each Score

Your Score History

You have not taken this quiz since the last reset